| 000 | 00485nam a22001937a 4500 | ||
|---|---|---|---|
| 003 | MPLRDC | ||
| 005 | 20220104113626.0 | ||
| 008 | 210129b ||||| |||| 00| 0 eng d | ||
| 020 | _a957-30687-6-1 | ||
| 082 | _a855 HT | ||
| 100 | _a海豚 | ||
| 245 |
_a梦见舟 _c拾叶人插图 |
||
| 250 | _a初版一刷 | ||
| 260 |
_a台湾 _b法兰克福国际工作室 _c2001 |
||
| 300 | _b119 | ||
| 490 | _a优秀塗文书: 1 | ||
| 650 | _a散文;随笔、日记 | ||
| 942 |
_cBK _o855 HT |
||
| 999 |
_c1084 _d1074 |
||